00822 2200277 4500001002100000005001500021035002500036090001800061245010100079250000900180260008300189300003100272007000300303008004100306040001700347082001200364084001600376650004700392700001600439700002200455700002100477850001200498041000800510990000600518990002000524YOGYA00000000005225720241029095932 a0010-081400000051975 aR 136.703 Erc aEncyclopedie voor ouders I /cpenyunting, P. Anseeuw, W.J. Bladergroen, A.M. Bouvy-Reys..[et.al] aEd.1 aAntwerpen :bUtrecht Uitgeverij De Sikkel,ctahun terbit tidak teridentifikasi a255 hlm. :bilus. ;c21 cmta131115n xx a g e dut d aYOPDYOGbind a649.103 a649.103 ENC aOrangtua dan anak--vEnsiklopedi dan kamus aAnseeuw, P. aBladergroen, W.J. aBouvy-Reys, A.M. aYOPDYOG adut a- a72998-PD/A.2024